| 000 | 00827cam a2200265 i 4500 | ||
|---|---|---|---|
| 001 | 112752 | ||
| 005 | 20230410105511.0 | ||
| 008 | 130829s2002 ii a 000 0 eng | ||
| 020 | _a9780199257492 | ||
| 041 | 0 | _aeng | |
| 050 | 1 | 4 |
_aHC 435.2 _bD778i 2002 |
| 100 | 1 | _aDrèze, Jean | |
| 245 | 0 | 0 |
_aIndia : _bdevelopment and participation / _cJean Drèze and Amartya Sen. |
| 250 | _a2nd ed. | ||
| 260 |
_aNew Delhi ; _aNew York : _bOxford University Press, _c2002 |
||
| 300 |
_axxviii, 512 p. ; _c23 cm. |
||
| 500 | _aIncluye cuadros estadísticos. | ||
| 651 | 0 |
_aIndia _xEconomic conditions _y1947- |
|
| 651 | 0 |
_aIndia _xSocial conditions _y1947- |
|
| 651 | 4 |
_aIndia _xCondiciones económicas _y1947- |
|
| 651 | 4 |
_aIndia _xCondiciones sociales _y1947- |
|
| 700 | 1 |
_aSen, Amartya, _d1933- |
|
| 942 |
_2lcc _cbk |
||
| 946 | _aYSL | ||
| 999 |
_c37999 _d37999 |
||